Získavanie cenných zlúčenín z rastlinných surovín pomocou extrakčných metód diplomová práca

Guardado en:
Detalles Bibliográficos
Autor principal: Ramajová, Helena
Formato: Libro
Lenguaje:eslovaco
Publicado: Bratislava STU FCHPT 2018
Acceso en línea:Ver en el OPAC
Etiquetas: Agregar Etiqueta
Sin Etiquetas, Sea el primero en etiquetar este registro!

MARC

LEADER 00000nam a2200000 a 4500
005 20260127134203.0
008 180820 2018 xo a 001 0 slo d
035 |a vtls011773383 
039 9 |y 201808201115  |z mschk03 
040 |a STUSCHK1  |b slo  |c STUSCHK1  |e AACR2 
100 1 |a Ramajová, Helena 
245 1 |a Získavanie cenných zlúčenín z rastlinných surovín pomocou extrakčných metód  |b diplomová práca  |c Helena Ramajová 
260 |a Bratislava  |b STU FCHPT  |c 2018 
300 |a 76 s.  |b il.  |c 25 cm 
500 |a Študijný program: prírodné a syntetické polyméry 
500 |a Študijný odbor: chemické technológie 
500 |a Školiace pracovisko: Oddelenie dreva, celulózy a paiera 
500 |a Evid. číslo: FCHPT-13576-42873 
910 |a SCHK95 
999 |c 6158  |d 6158